| 000 | 01103nam a22003017a 4500 | ||
|---|---|---|---|
| 001 | 5027 | ||
| 003 | FISKH | ||
| 005 | 20250327110955.0 | ||
| 008 | 241101b cb ||||| |||| 00| 0 eng d | ||
| 020 | _a9781406314076 | ||
| 040 |
_aFISKH _beng _cFISKH _dFISKH |
||
| 050 | _aPZ7.M33595 | ||
| 082 | _2813.6 | ||
| 100 |
_aRey, Margret _d(1906–1996) |
||
| 245 |
_aCurious George visits the library / _cIllustrated in the style of H.A. Rey by Martha Weston |
||
| 250 | _aFirst published in 2008 | ||
| 260 |
_aLondon : _bWalker, _c2008. |
||
| 300 |
_a24 pages : _bcolor illustrations ; _c21 cm |
||
| 505 | _aG | ||
| 520 | _aGeorge is lucky to arrive at the library just in time for story hour. But it's not easy for a little monkey to sit still too long. From selecting books to getting his very own library card, George's day at the library makes reading fun. | ||
| 521 | 8 |
_a370
_bLexile |
|
| 521 | 8 |
_aG
_bRaz-Plus |
|
| 650 |
_2Picture book _aMonkeys _vCommunity helpers |
||
| 650 |
_2Libraries _aAnimals |
||
| 700 |
_aWeston, Martha _dillustrator |
||
| 942 |
_2ddc _cBK _n0 |
||
| 999 |
_c5027 _d5027 |
||